[Event "Sanxenxo Carlos op 10th"]
[Site "Sanxenxo"]
[Date "2018.06.18"]
[Round "3"]
[White "Rodriguez Lopez, Rafael"]
[Black "Tallarico Tallarico, Ovidio Mario"]
[Result "1-0"]
[WhiteElo "2289"]
[BlackElo "2031"]
[PlyCount "113"]
[EventDate "2018.06.16"]
[EventType "swiss"]
[EventRounds "9"]
[EventCountry "ESP"]
[SourceTitle "CBM 185 Extra"]
[Source "ChessBase"]
[SourceDate "2018.07.29"]
[SourceVersion "1"]
[SourceVersionDate "2018.07.29"]
[SourceQuality "1"]

1. e4 d6 2. d4 Nf6 3. Nc3 e5 4. Nf3 Nbd7 5. Bc4 Be7 6. 0-0 c6 7. a4 0-0 8. Re1 a5 9. h3 h6 10. Ba2 Re8 11. Be3 Bf8 12. Qd2 exd4 13. Bxd4 Nc5 14. Bxc5 dxc5 15. Qxd8 Rxd8 16. Ne5 Be6 17. Bxe6 fxe6 18. Rad1 Be7 19. f3 Rxd1 20. Rxd1 Rd8 21. Rxd8+ Bxd8 22. Nc4 Bc7 23. Kf2 Nd7 24. Ke3 e5 25. b3 Nf8 26. Ne2 Ne6 27. c3 b5 28. Na3 c4 29. axb5 cxb5 30. bxc4 b4 31. cxb4 axb4 32. Nb5 Bb6+ 33. Kd2 Kf8 34. Kc2 Nc5 35. Nc1 Ke7 36. Nb3 Ne6 37. h4 h5 38. g4 g6 39. gxh5 gxh5 40. Kd3 Nf4+ 41. Kd2 Ng6 42. c5 Bd8 43. c6 Bb6 44. Ke2 Nxh4 45. Nd2 Kd8 46. Nc4 Bc7 47. Nxc7 Kxc7 48. Nxe5 Kd6 49. f4 b3 50. Kd2 Ng2 51. f5 b2 52. Kc2 Ne3+ 53. Kb1 h4 54. f6 h3 55. f7 Ke7 56. c7 h2 57. f8Q+ 1-0

[Event "Mondariz Cemar op 2nd"]
[Site "Mondariz"]
[Date "2015.08.21"]
[Round "7"]
[White "Tallarico Tallarico, Ovidio Mario"]
[Black "Buitron Ramil, David"]
[Result "0-1"]
[WhiteElo "2114"]
[BlackElo "1641"]
[PlyCount "74"]
[EventDate "2015.08.16"]
[EventType "swiss"]
[EventRounds "9"]
[EventCountry "ESP"]
[SourceTitle "EXT 2019"]
[Source "ChessBase"]
[SourceDate "2018.10.10"]
[SourceVersion "1"]
[SourceVersionDate "2018.10.10"]
[SourceQuality "1"]

1. b3 e5 2. Bb2 d6 3. e3 Be7 4. Nf3 Nf6 5. d4 e4 6. Nfd2 d5 7. c4 c6 8. Ba3 Bg4 9. Qc1 0-0 10. Nc3 a6 11. h3 Be6 12. Be2 b5 13. Bxe7 Qxe7 14. 0-0 Nbd7 15. Qc2 Rfc8 16. Rac1 Nf8 17. a4 b4 18. Nd1 a5 19. f3 exf3 20. Bxf3 Ng6 21. e4 Nh4 22. exd5 cxd5 23. c5 Qc7 24. Rf2 Re8 25. Nf1 Bf5 26. Qd2 Be4 27. Qg5 Nxf3+ 28. gxf3 Bd3 29. Nde3 Bxf1 30. Kxf1 h6 31. Nxd5 Nxd5 32. Qxd5 Qf4 33. Rcc2 Rad8 34. Qh5 Rxd4 35. Rce2 Red8 36. Re4 Qg3 37. Rfe2 Rxe4 0-1

[Event "Sanxenxo Carlos op 6th"]
[Site "Sanxenxo"]
[Date "2014.06.28"]
[Round "8"]
[White "Sanchez Aller, Fernando"]
[Black "Tallarico Tallarico, Ovidio Mario"]
[Result "1-0"]
[WhiteElo "2355"]
[BlackElo "2153"]
[PlyCount "85"]
[EventDate "2014.06.21"]
[EventType "swiss"]
[EventRounds "9"]
[EventCountry "ESP"]
[SourceTitle "CBM 161 Extra"]
[Source "ChessBase"]
[SourceDate "2014.08.29"]
[SourceVersion "1"]
[SourceVersionDate "2014.08.29"]
[SourceQuality "1"]

1. e4 c5 2. Nf3 g6 3. d4 cxd4 4. Nxd4 Nc6 5. Nc3 Bg7 6. Be3 Nf6 7. Bc4 Qa5 8. 0-0 0-0 9. Bb3 d6 10. h3 Bd7 11. Re1 Nxd4 12. Bxd4 Bc6 13. Nd5 Bxd5 14. exd5 Rfe8 15. c4 a6 16. Bc3 Qd8 17. Ba4 Nd7 18. Bxg7 Kxg7 19. Qd4+ Kg8 20. Re3 b5 21. cxb5 Qb6 22. Qxb6 Nxb6 23. Bb3 axb5 24. Rc1 Na4 25. Rc7 Kf8 26. Rb7 Ra5 27. Bxa4 bxa4 28. Ra3 Rea8 29. Re3 Re8 30. Rd3 Rc8 31. g4 h6 32. Kg2 Rcc5 33. Re3 Rab5 34. Ra7 Rxb2 35. Rexe7 Rxa2 36. Rxf7+ Kg8 37. Rfd7 Rc8 38. Rxd6 Rf8 39. Rxg6+ Kh8 40. Rxh6+ Kg8 41. Rg6+ Kh8 42. Kg3 Rfxf2 43. d6 1-0

[Event "Mondariz 7th"]
[Site "Mondariz"]
[Date "2007.10.13"]
[Round "9"]
[White "Tallarico Tallarico, Ovidio Mario"]
[Black "Frois, Antonio"]
[Result "0-1"]
[WhiteElo "2195"]
[BlackElo "2354"]
[PlyCount "88"]
[EventDate "2007.10.06"]
[EventType "tourn"]
[EventRounds "9"]
[EventCountry "ESP"]
[EventCategory "4"]
[SourceTitle "CBM 120 Extra"]
[Source "ChessBase"]
[SourceDate "2007.11.01"]
[SourceVersion "1"]
[SourceVersionDate "2007.11.01"]
[SourceQuality "1"]

1. e4 c5 2. Nf3 d6 3. d4 cxd4 4. Qxd4 Bd7 5. c4 Nc6 6. Qd2 g6 7. b3 Nf6 8. Nc3 Bg7 9. Bb2 0-0 10. Bd3 Bg4 11. Nd5 e6 12. Nxf6+ Bxf6 13. Be2 Bxf3 14. Bxf3 Bxb2 15. Qxb2 e5 16. 0-0 Nd4 17. Be2 Qh4 18. f4 Rae8 19. g3 Qh6 20. Bd3 f5 21. Rae1 Qg7 22. Kg2 b6 23. b4 Kh8 24. Qd2 Re7 25. h4 Ref7 26. Qe3 Re7 27. Qd2 Re6 28. a3 Re7 29. Qc3 Ref7 30. c5 bxc5 31. bxc5 Rc7 32. fxe5 dxe5 33. Qc4 f4 34. gxf4 exf4 35. e5 f3+ 36. Kf2 Nc6 37. e6 Ne5 38. Qd4 Rxc5 39. Bb1 Ng4+ 40. Qxg4 Qb2+ 41. Ke3 Re5+ 42. Be4 Qb6+ 43. Kd2 Qd4+ 44. Kc1 Rc8+ 0-1

[Event "Mondariz 7th"]
[Site "Mondariz"]
[Date "2007.10.11"]
[Round "7"]
[White "Tallarico Tallarico, Ovidio Mario"]
[Black "Alsina Leal, Daniel"]
[Result "0-1"]
[WhiteElo "2195"]
[BlackElo "2435"]
[PlyCount "84"]
[EventDate "2007.10.06"]
[EventType "tourn"]
[EventRounds "9"]
[EventCountry "ESP"]
[EventCategory "4"]
[SourceTitle "CBM 120 Extra"]
[Source "ChessBase"]
[SourceDate "2007.11.01"]
[SourceVersion "1"]
[SourceVersionDate "2007.11.01"]
[SourceQuality "1"]

1. d4 d5 2. Nf3 Nf6 3. Bg5 Ne4 4. Bf4 c5 5. e3 Qb6 6. Qc1 Nc6 7. c3 Bf5 8. Ne5 g5 9. Bg3 Bg7 10. Nxc6 bxc6 11. Nd2 Nxg3 12. hxg3 h6 13. Be2 cxd4 14. exd4 c5 15. dxc5 Qxc5 16. Nb3 Qb6 17. Qd2 e6 18. Bd3 Bxd3 19. Qxd3 a5 20. Rb1 0-0 21. 0-0 Rfc8 22. Rfc1 Rab8 23. Nd2 Qc6 24. Rc2 e5 25. Rbc1 e4 26. Qe2 f5 27. Nf1 Qe6 28. Qd2 Rd8 29. b3 Rbc8 30. Ne3 f4 31. Nf1 Qe5 32. Qe2 Rc6 33. Qb5 Qc7 34. Qe2 Qe7 35. gxf4 gxf4 36. Nd2 Re6 37. Re1 Re8 38. Nf1 f3 39. gxf3 Qg5+ 40. Ng3 exf3 41. Qxe6+ Rxe6 42. Rxe6 h5 0-1

[Event "Mondariz 7th"]
[Site "Mondariz"]
[Date "2007.10.10"]
[Round "6"]
[White "Senlle Caride, Miguel"]
[Black "Tallarico Tallarico, Ovidio Mario"]
[Result "1-0"]
[WhiteElo "2217"]
[BlackElo "2195"]
[PlyCount "159"]
[EventDate "2007.10.06"]
[EventType "tourn"]
[EventRounds "9"]
[EventCountry "ESP"]
[EventCategory "4"]
[SourceTitle "CBM 120 Extra"]
[Source "ChessBase"]
[SourceDate "2007.11.01"]
[SourceVersion "1"]
[SourceVersionDate "2007.11.01"]
[SourceQuality "1"]

1. e4 c5 2. Nf3 Nc6 3. Nc3 g6 4. d4 cxd4 5. Nxd4 Bg7 6. Be3 Nf6 7. Bc4 Qa5 8. 0-0 0-0 9. Nb3 Qc7 10. Bg5 a6 11. Be2 e6 12. Qd2 b5 13. a3 Rb8 14. Rfd1 b4 15. axb4 Rxb4 16. Bf4 e5 17. Bg5 Nxe4 18. Nxe4 Rxe4 19. Bd3 Rb4 20. Be7 Rxb3 21. Bxf8 Rxb2 22. Bxg7 Kxg7 23. Bxa6 Bxa6 24. Rxa6 Nd4 25. Qg5 Ne6 26. Qe3 Rxc2 27. Rad6 Qc5 28. Rxd7 Nf4 29. Qxc5 Rxc5 30. g3 Ne6 31. R7d5 Rxd5 32. Rxd5 Kf6 33. Kg2 Ng7 34. Kf3 Ke6 35. Ra5 f5 36. Ra7 Kf6 37. g4 Ne6 38. h4 h6 39. gxf5 gxf5 40. Ra6 h5 41. Ra5 Nf4 42. Ra8 Ne6 43. Ke3 Nf4 44. Rf8+ Ke6 45. Rg8 Kf6 46. Rg5 Ke6 47. f3 Kf6 48. Kd2 Ke6 49. Kc3 Kf6 50. Kc4 Ke6 51. Kc5 Kf6 52. Kc4 Ke6 53. Kc5 Kf6 54. Kd6 e4 55. fxe4 fxe4 56. Re5 Ng2 57. Rxe4 Kf5 58. Kd5 Nf4+ 59. Kd4 Ng2 60. Kd3 Nf4+ 61. Ke3 Ng6 62. Ra4 Ne5 63. Ra5 Kf6 64. Ke4 Nf7 65. Rxh5 Kg6 66. Rd5 Kh6 67. Kf4 Nh8 68. Kg4 Ng6 69. Rd6 Kg7 70. h5 Ne5+ 71. Kf5 Nf7 72. Rg6+ Kh7 73. Kf6 Nd6 74. Ke6 Nc4 75. Kd5 Nd2 76. Ke5 Nf3+ 77. Kf4 Nd4 78. Rd6 Nb5 79. Rd3 Kh6 80. Kg4 1-0

[Event "Galicia-ch Absoluto"]
[Site "Mondariz"]
[Date "2003.04.19"]
[Round "8.3"]
[White "Tallarico Tallarico, Ovidio Mario"]
[Black "Espineira Gonzalez, Diego Adrian"]
[Result "1-0"]
[WhiteElo "2223"]
[BlackElo "2223"]
[PlyCount "91"]
[EventDate "2003.04.12"]
[EventType "swiss"]
[EventRounds "9"]
[EventCountry "ESP"]
[SourceTitle "EXT 2004"]
[Source "ChessBase"]
[SourceDate "2003.11.25"]
[SourceVersion "1"]
[SourceVersionDate "2003.11.25"]
[SourceQuality "1"]

1. d4 Nf6 2. Bg5 e6 3. e3 b6 4. Nf3 Bb7 5. Bd3 Be7 6. 0-0 0-0 7. Nbd2 c5 8. c3 d6 9. Qe2 Nbd7 10. e4 h6 11. Bh4 Re8 12. Rad1 Qc7 13. Rfe1 a6 14. e5 Nd5 15. Bg3 cxd4 16. cxd4 Nb4 17. Rc1 Qb8 18. Bb1 d5 19. Nf1 Nc6 20. Rxc6 Bxc6 21. Qc2 Bb4 22. Qh7+ Kf8 23. Bh4 f5 24. exf6 Nxf6 25. Bxf6 gxf6 26. Qxh6+ Ke7 27. Qg7+ Kd8 28. Qxf6+ Kc8 29. Rxe6 Rxe6 30. Qxe6+ Kb7 31. Ne5 Qd6 32. Qf7+ Qc7 33. Qxc7+ Kxc7 34. Bd3 Rf8 35. g3 a5 36. f4 a4 37. a3 Bd6 38. Ne3 b5 39. Nc2 Rh8 40. Nb4 Bxb4 41. axb4 a3 42. bxa3 Ra8 43. h4 Rxa3 44. h5 Ra8 45. h6 Rh8 46. Nf7 1-0

[Event "Galicia-ch Absoluto"]
[Site "Mondariz"]
[Date "2003.04.15"]
[Round "4.5"]
[White "Tallarico Tallarico, Ovidio Mario"]
[Black "Rodriguez Fernandez, Juan Carlos"]
[Result "1/2-1/2"]
[WhiteElo "2223"]
[BlackElo "2133"]
[PlyCount "70"]
[EventDate "2003.04.12"]
[EventType "swiss"]
[EventRounds "9"]
[EventCountry "ESP"]
[SourceTitle "EXT 2004"]
[Source "ChessBase"]
[SourceDate "2003.11.25"]
[SourceVersion "1"]
[SourceVersionDate "2003.11.25"]
[SourceQuality "1"]

1. Nf3 Nf6 2. c4 g6 3. Nc3 Bg7 4. e4 d6 5. d4 0-0 6. Be2 e5 7. dxe5 dxe5 8. Qxd8 Rxd8 9. Bg5 Re8 10. 0-0-0 Bd7 11. Nd5 Nxd5 12. cxd5 c6 13. Bc4 b5 14. dxc6 Bxc6 15. Bd5 Na6 16. Kb1 Nb4 17. Bxc6 Nxc6 18. Rd5 f6 19. Be3 a6 20. Rc1 Ne7 21. Rd7 Bf8 22. Rcc7 Rad8 23. Rxd8 Rxd8 24. Ra7 Rd6 25. Bc5 Re6 26. Ra8 Kf7 27. h4 Rc6 28. b4 Nc8 29. Bxf8 Kxf8 30. Nd2 Kg7 31. Nb3 Rc4 32. a3 Ne7 33. f3 Rc3 34. Nc5 Rxa3 35. Rxa6 Rxa6 1/2-1/2

[Event "Mondariz Cerrado-B"]
[Site "Mondariz"]
[Date "2002.12.20"]
[Round "6"]
[White "Frois, Antonio"]
[Black "Tallarico Tallarico, Ovidio Mario"]
[Result "1-0"]
[WhiteElo "2341"]
[BlackElo "2216"]
[PlyCount "81"]
[EventDate "2002.12.15"]
[EventType "tourn"]
[EventRounds "9"]
[EventCountry "ESP"]
[EventCategory "3"]
[SourceTitle "CBM 091 Extra"]
[Source "ChessBase"]
[SourceDate "2003.01.09"]
[SourceVersion "1"]
[SourceVersionDate "2003.01.09"]
[SourceQuality "1"]

1. e4 c5 2. Nf3 Nc6 3. Bb5 a6 4. Bxc6 dxc6 5. h3 e5 6. 0-0 Bd6 7. a4 a5 8. Na3 Be6 9. d3 f6 10. c3 Ne7 11. d4 cxd4 12. cxd4 exd4 13. Nxd4 Bf7 14. Be3 0-0 15. Qc2 Qc7 16. Nc4 Bh2+ 17. Kh1 Bf4 18. Bxf4 Qxf4 19. Rad1 Qc7 20. b3 Rfd8 21. f4 Ng6 22. Qc1 Rd7 23. Qe3 Rad8 24. Rd2 Bxc4 25. bxc4 Qb6 26. c5 Qb4 27. Rfd1 Qxa4 28. e5 fxe5 29. fxe5 Re8 30. e6 Rde7 31. Qg5 Qc4 32. Re1 Rf8 33. Kh2 a4 34. Qg4 Rf4 35. Nf5 Re8 36. Qg5 Qxc5 37. Nh6+ gxh6 38. Qxc5 Rf6 39. Rf2 Rff8 40. Rxf8+ Nxf8 41. Qd6 1-0

[Event "Pablo Gorbea Memorial 6th"]
[Site "Madrid"]
[Date "2002.09.23"]
[Round "8"]
[White "Tallarico Tallarico, Ovidio Mario"]
[Black "Roeder, Mathias"]
[Result "0-1"]
[WhiteElo "2216"]
[BlackElo "2485"]
[PlyCount "67"]
[EventDate "2002.09.16"]
[EventType "swiss"]
[EventRounds "9"]
[EventCountry "ESP"]
[SourceTitle "CBM 090 Extra"]
[Source "ChessBase"]
[SourceDate "2002.11.07"]
[SourceVersion "1"]
[SourceVersionDate "2002.11.07"]
[SourceQuality "1"]

1. d4 Nf6 2. Bg5 Ne4 3. Bf4 c5 4. f3 Qa5+ 5. c3 Nf6 6. Nd2 cxd4 7. Nb3 Qf5 8. Bxb8 Rxb8 9. Qxd4 b6 10. e4 Qf4 11. Ne2 Qc7 12. e5 Ng8 13. Nf4 e6 14. Nd3 Ne7 15. f4 Nc6 16. Qe3 Be7 17. Be2 0-0 18. 0-0 d6 19. Kh1 Bb7 20. Nd4 Nxd4 21. cxd4 Rfe8 22. Rac1 Qd7 23. Rfd1 Rbc8 24. Rxc8 Rxc8 25. Rc1 Rxc1+ 26. Qxc1 dxe5 27. dxe5 Bd5 28. a3 a5 29. h3 h6 30. Kh2 Qa4 31. Qe3 Qe4 32. Qxe4 Bxe4 33. Kg1 Bh4 34. Nf2 0-1

[Event "ESP-chT1"]
[Site "Mondariz"]
[Date "2002.09.12"]
[Round "4.1"]
[White "Conquest, Stuart"]
[Black "Tallarico Tallarico, Ovidio Mario"]
[Result "1-0"]
[WhiteElo "2542"]
[BlackElo "2216"]
[PlyCount "101"]
[EventDate "2002.09.04"]
[EventType "team"]
[EventRounds "6"]
[EventCountry "ESP"]
[SourceTitle "CBM 090 Extra"]
[Source "ChessBase"]
[SourceDate "2002.11.07"]
[SourceVersion "1"]
[SourceVersionDate "2002.11.07"]
[SourceQuality "1"]

1. e4 c5 2. Nf3 Nc6 3. Bb5 e5 4. 0-0 d6 5. c3 a6 6. Bxc6+ bxc6 7. d4 cxd4 8. cxd4 Qc7 9. dxe5 dxe5 10. Qc2 Bd6 11. Be3 Nf6 12. Nbd2 Bg4 13. Rac1 Rc8 14. Nc4 Nd7 15. Ne1 0-0 16. Nd3 Be7 17. f3 Be6 18. Qc3 f6 19. Rf2 Rfd8 20. Rfc2 Qb8 21. b3 Qb5 22. Kh1 Bxc4 23. Qxc4+ Qxc4 24. Rxc4 c5 25. Kg1 Nf8 26. Nxc5 Bxc5 27. Rxc5 Rxc5 28. Rxc5 Rd1+ 29. Kf2 Rb1 30. Ra5 Ne6 31. Rxa6 Nd4 32. Bxd4 exd4 33. Rd6 Rb2+ 34. Kg3 Rxa2 35. Rxd4 Rb2 36. b4 Kf7 37. Rd7+ Kg6 38. Rb7 Kh6 39. Rb8 Kg6 40. h4 h5 41. b5 Kf7 42. Rb7+ Kg6 43. b6 Kh6 44. Rb8 Kh7 45. f4 Rb3+ 46. Kh2 Rb4 47. b7 Kg6 48. e5 fxe5 49. fxe5 Rxh4+ 50. Kg1 Rb4 51. e6 1-0

[Event "Mirabal rapid op 4th"]
[Site "Mirabal"]
[Date "2001.05.05"]
[Round "5"]
[White "Lalic, Bogdan"]
[Black "Tallarico Tallarico, Ovidio Mario"]
[Result "1-0"]
[WhiteElo "2501"]
[BlackElo "2238"]
[PlyCount "49"]
[EventDate "2001.05.05"]
[EventType "swiss (rapid)"]
[EventRounds "9"]
[EventCountry "ESP"]
[SourceTitle "CBM 082 Extra"]
[Source "ChessBase"]
[SourceDate "2001.07.03"]
[SourceVersion "1"]
[SourceVersionDate "2001.07.03"]
[SourceQuality "1"]

1. d4 d5 2. c4 c6 3. Nf3 Nf6 4. e3 e6 5. Nbd2 Nbd7 6. Bd3 Bd6 7. e4 dxe4 8. Nxe4 Nxe4 9. Bxe4 Qa5+ 10. Bd2 Bb4 11. 0-0 Bxd2 12. Nxd2 0-0 13. Qc2 Nf6 14. c5 Bd7 15. Nc4 Qc7 16. Rfe1 b6 17. Ne5 bxc5 18. Qxc5 Rab8 19. b3 Rb5 20. Qe7 Nxe4 21. Nxd7 Qd6 22. Qxf8+ Qxf8 23. Nxf8 Nf6 24. Nxe6 fxe6 25. Rxe6 1-0

[Event "Mondariz op 7th"]
[Site "Mondariz"]
[Date "2000.07.27"]
[Round "2"]
[White "Herrera, Irisberto"]
[Black "Tallarico Tallarico, Ovidio Mario"]
[Result "1/2-1/2"]
[WhiteElo "2467"]
[BlackElo "2226"]
[PlyCount "119"]
[EventDate "2000.07.26"]
[EventType "swiss"]
[EventRounds "9"]
[EventCountry "ESP"]
[SourceTitle "EXT 2001"]
[Source "ChessBase"]
[SourceDate "2000.11.22"]
[SourceVersion "1"]
[SourceVersionDate "2000.11.22"]
[SourceQuality "1"]

1. e4 c5 2. Nf3 Nc6 3. d4 cxd4 4. Nxd4 g6 5. c4 Nf6 6. Nc3 Bg7 7. Be3 0-0 8. Be2 d6 9. f3 Nxd4 10. Bxd4 Bd7 11. Qd2 a5 12. b3 Bc6 13. 0-0 Nd7 14. Be3 Nc5 15. Rab1 Qb6 16. Nb5 Rfc8 17. Kh1 Qd8 18. Rfc1 Qf8 19. Nd4 h5 20. Bd1 Kh7 21. a3 Bh6 22. b4 axb4 23. axb4 Ne6 24. Nxe6 fxe6 25. Bb3 e5 26. c5 Rd8 27. Bxh6 Qxh6 28. Qxh6+ Kxh6 29. Be6 Bb5 30. h4 Kg7 31. Bd5 Bc6 32. Bxc6 bxc6 33. cxd6 Rxd6 34. Rc5 Re6 35. Rbc1 Ra6 36. Kh2 Rb6 37. R1c4 Kf6 38. Kh3 Kf7 39. g3 Kg7 40. Ra5 Kf7 41. g4 hxg4+ 42. Kxg4 Kf6 43. f4 exf4 44. Kxf4 Rb5 45. Rxb5 cxb5 46. Rc5 Rb6 47. e5+ Kf7 48. Ke4 Rb8 49. Kf4 Rb6 50. Kg5 Kg7 51. Rc7 Kf7 52. Kf4 Ke6 53. Ke4 Rb8 54. Rc6+ Kf7 55. Kf4 Rd8 56. Rb6 Rd4+ 57. Kg5 Rd5 58. Kf4 Rd4+ 59. Kg5 Rd5 60. Kf4 1/2-1/2

[Event "Pablo Gorbea Memorial 4th"]
[Site "Madrid"]
[Date "2000.06.17"]
[Round "8"]
[White "Tallarico Tallarico, Ovidio Mario"]
[Black "Del Rio de Angelis, Salvador Gabriel"]
[Result "1-0"]
[WhiteElo "2226"]
[BlackElo "2463"]
[PlyCount "71"]
[EventDate "2000.06.10"]
[EventType "swiss"]
[EventRounds "9"]
[EventCountry "ESP"]
[SourceTitle "CBM 076 Extra"]
[Source "ChessBase"]
[SourceDate "2000.07.11"]
[SourceVersion "1"]
[SourceVersionDate "2000.07.11"]
[SourceQuality "1"]

1. Nf3 d5 2. d4 Nf6 3. e3 c5 4. c3 e6 5. Nbd2 Nc6 6. Bd3 Be7 7. Qe2 0-0 8. dxc5 Bxc5 9. 0-0 e5 10. e4 Bg4 11. exd5 Nxd5 12. Ne4 Be7 13. h3 Nf4 14. Bxf4 Bxf3 15. Qxf3 exf4 16. Rad1 Ne5 17. Qxf4 Nxd3 18. Qe3 Qa5 19. Rxd3 Qxa2 20. Rd7 Rfe8 21. Rxb7 Bd8 22. Qf3 Bb6 23. Nd6 Rf8 24. c4 Bc5 25. Rxf7 Bxd6 26. Rxf8+ Rxf8 27. Qd5+ Rf7 28. Qxd6 Qxb2 29. c5 Qb7 30. c6 Qb6 31. Kh1 Rf6 32. Qd5+ Kf8 33. Rc1 Qc7 34. Rc3 a5 35. Qb5 Kf7 36. Qb7 1-0

[Event "Alicante op 4th"]
[Site "Alicante"]
[Date "2000.??.??"]
[Round "3"]
[White "Janev, Evgeni"]
[Black "Tallarico Tallarico, Ovidio Mario"]
[Result "1-0"]
[WhiteElo "2413"]
[BlackElo "2226"]
[PlyCount "113"]
[EventDate "2000.10.22"]
[EventType "swiss"]
[EventRounds "9"]
[EventCountry "ESP"]
[SourceTitle "EXT 2002"]
[Source "ChessBase"]
[SourceDate "2001.11.25"]
[SourceVersion "1"]
[SourceVersionDate "2001.11.25"]
[SourceQuality "1"]

1. e4 d5 2. exd5 Qxd5 3. Nc3 Qa5 4. d4 Nf6 5. Nf3 c6 6. g3 Bg4 7. Bg2 Nbd7 8. h3 Bh5 9. 0-0 e6 10. Ne2 Bxf3 11. Bxf3 Bd6 12. c4 0-0 13. c5 Be7 14. Bd2 Qd8 15. b4 Nd5 16. a4 a6 17. Qb3 N7f6 18. b5 Qd7 19. bxc6 bxc6 20. Rab1 Bd8 21. Qc4 Qa7 22. Rb3 Bc7 23. Rfb1 Rab8 24. Nc1 Rxb3 25. Rxb3 a5 26. Be2 Ra8 27. Qc2 h6 28. Qb2 Rb8 29. Rxb8+ Bxb8 30. Nb3 Bc7 31. Qc1 Nb4 32. Bxb4 axb4 33. a5 Nd5 34. Qf1 Kf8 35. Bf3 Qa8 36. Be2 Qb8 37. Qg2 Qa8 38. a6 Nc3 39. Bc4 Nd5 40. Qe4 g6 41. Qf3 Kg7 42. Nc1 h5 43. h4 Qb8 44. Qb3 Nc3 45. Kg2 Ba5 46. Nd3 Nb5 47. Qa4 Bc7 48. Nxb4 Nxd4 49. Nxc6 Qa8 50. Bd5 Nxc6 51. Bxc6 Qa7 52. Qd4+ Kg8 53. Qd7 Kg7 54. Qd4+ e5 55. Qc4 Bd8 56. Be8 Bf6 57. Qxf7+ 1-0

[Event "Mondariz op"]
[Site "Mondariz"]
[Date "1998.??.??"]
[Round "?"]
[White "Tallarico Tallarico, Ovidio Mario"]
[Black "Barral Rubirosa, Cristobal"]
[Result "1-0"]
[WhiteElo "2235"]
[BlackElo "2160"]
[PlyCount "63"]
[EventDate "1998.??.??"]
[EventType "swiss"]
[EventRounds "9"]
[EventCountry "ESP"]
[SourceTitle "EXT 2002"]
[Source "ChessBase"]
[SourceDate "2001.11.25"]
[SourceVersion "1"]
[SourceVersionDate "2001.11.25"]
[SourceQuality "1"]

1. Nf3 Nf6 2. c4 g6 3. Nc3 Bg7 4. e4 d6 5. d4 0-0 6. Be2 e5 7. dxe5 dxe5 8. Qxd8 Rxd8 9. Bg5 Rf8 10. Nd5 Nxd5 11. cxd5 c6 12. Bc4 b5 13. Bb3 a5 14. a4 Bb7 15. axb5 cxd5 16. exd5 e4 17. Nd2 Bxb2 18. Ra2 Bc3 19. 0-0 a4 20. Rxa4 Rxa4 21. Bxa4 Bxd5 22. Rc1 Bd4 23. Nxe4 Bxe4 24. Rc4 Bxg2 25. Rxd4 Bf3 26. h4 Kg7 27. Kh2 h5 28. Kg3 Bg4 29. b6 Rc8 30. Bf4 Rc3+ 31. Kh2 Nc6 32. Bxc6 1-0